Príprava manažérov 21. storočia
Intelektuálny kapitál predurčuje úspech firmy. Funkčná gramotnosť. Metodika výučby manažérov. Praktické využitie uvedenej metódy.
Gespeichert in:
| 1. Verfasser: | |
|---|---|
| Format: | Buchkapitel |
| Sprache: | Slowakisch |
| Schlagworte: | |
| Tags: |
Keine Tags, Fügen Sie das erste Tag hinzu!
|
MARC
| LEADER | 00000naa a2200000 4500 | ||
|---|---|---|---|
| 001 | r042079 | ||
| 005 | 20230801100035.2 | ||
| 041 | 0 | |a slo | |
| 044 | |a SK | ||
| 245 | 1 | 0 | |a Príprava manažérov 21. storočia |c Milica Lesáková |
| 520 | |a Intelektuálny kapitál predurčuje úspech firmy. Funkčná gramotnosť. Metodika výučby manažérov. Praktické využitie uvedenej metódy. | ||
| 610 | 2 | 0 | |a manažéri |
| 610 | 2 | 0 | |a kapitál intelektuálny |
| 610 | 2 | 0 | |a metodika |
| 610 | 2 | 0 | |a výučba vedecká |
| 610 | 2 | 0 | |a riadenie personálne |
| 610 | 2 | 0 | |a riadenie podnikové |
| 610 | 2 | 0 | |a modely |
| 100 | 1 | |a Lesáková, Milica | |